01361nam a2200277 i 4500001001300000003000900013005001700022008004100039020002900080040003800109041000800147082003400155100005300189245007600242264001200318264005300330300002000383336002700403337003400430338002700464504004000491520036700531600003000898655007400928655008101002000000434741IT-MiSPE20200317154418.0181029s2018 it 000 0 ita d a9788892216389c35.00 EUR aIT-MiSPEbitadIT-MiSPEcIT-MiSPE aita a227.092-ROM st pa (axa 23227)1 aRomanello, Stefano,csacerdote,d1961-,eautore.10aPaolo: la vita, le lettere, il pensiero teologico /cStefano Romanello. 4c©2018. 1aCinisello Balsamo (Milano) :bSan Paolo,c[2018] a357 p. ;c22 cm atestobtxt2rdacontent asenza mediazionebn2rdamedia avolumebnc2rdacarrier aBibliografia alla fine dei capitoli aRomanello dedica un congruo spazio alla presentazione delle singole lettere, mosso tuttavia dalla convinzione che il loro messaggio possa essere adeguatamente colto se sono contestualizzate nella cornice ampia della missione e della biografia del loro autore, nonché se si abbozza almeno uno schizzo sintetico delle convinzioni teologiche che esse manifestano.04aPaulus Apostolus,csanto. 7aSacra Scrittura. Studi sul Nuovo TestamentoxPaolo: biografia.2local 7aSacra Scrittura. Studi sul Nuovo TestamentoxPaolo: studi e teologia.2local